पूॅजीवादी समाज में राजसत्ता की चरित्र, अनु आदित्य नारायण सिंह (Record no. 340907)

MARC details
000 -LEADER
fixed length control field 00912nam a2200241Ia 4500
003 - CONTROL NUMBER IDENTIFIER
control field OSt
005 - DATE AND TIME OF LATEST TRANSACTION
control field 20220923220609.0
008 - FIXED-LENGTH DATA ELEMENTS--GENERAL INFORMATION
fixed length control field 220922b |||||||| |||| 00| 0 hin d
037 ## - SOURCE OF ACQUISITION
Terms of availability Textual
040 ## - CATALOGING SOURCE
Original cataloging agency ARTS
Transcribing agency ARTS
Language of cataloging hin
041 ## - LANGUAGE CODE
Source of code hin
Language code of text/sound track or separate title hin
100 ## - MAIN ENTRY--PERSONAL NAME
Personal name मिलीबैड, राल्फ
9 (RLIN) 156369
245 #0 - TITLE STATEMENT
Title पूॅजीवादी समाज में राजसत्ता की चरित्र, अनु आदित्य नारायण सिंह
246 ## - VARYING FORM OF TITLE
Title proper/short title Pūॅjīvādī samāj mean rājasattā kī charitra, anu0 āditya nārāyaṇ sianha
260 ## - PUBLICATION, DISTRIBUTION, ETC.
Place of publication, distribution, etc. दिल्ली
Name of publisher, distributor, etc. मैकमिलन
Date of publication, distribution, etc. 1981
300 ## - PHYSICAL DESCRIPTION
Extent 292 पृ.
Dimensions cm.
942 ## - ADDED ENTRY ELEMENTS (KOHA)
Classification part W5,41.N, 152N1
Koha item type Textual
Source of classification or shelving scheme Colon Classification (CC)
Holdings
Withdrawn status Lost status Damaged status Not for loan Home library Current library Date acquired Total Checkouts Full call number Barcode Date last seen Price effective from Koha item type
        Arts Library Arts Library 2022-09-23   W5,41.N 152N1 AL0773936 2022-09-23 2022-09-23 Textual
Copyright @ Delhi University Library System